Italian Language Doctor and Dentist #1 illnesses - Statistics

General Stats
  • This quiz has been taken 13 times
  • The average score is 21 of 26
Answer Stats
Hint Answer % Correct
dentist dentista
100%
diarrhea diarrea
100%
emergency emergenza
100%
wound ferita
100%
nurse infermiera
100%
infection infezione
100%
toothache mal di denti
100%
headache mal di testa
100%
optician ottico
100%
patient paziente
100%
cough tosse
100%
fever febbre
83%
pregnant incita
83%
soar throat mal di gola
83%
doctor medico/dottere
83%
broken bone osso rotto
83%
cold raffreddore
83%
temperature temperatura
83%
ache/pain dolore
67%
cut taglio
67%
burn ustione
67%
dizzy vertigini
67%
bruise livido
50%
sickness/illness malattia
50%
constipation stitichezza
50%
sneeze starnuto
33%
No matching quizzes found
Score Distribution
Percent of People with Each Score
Percentile by Number Answered
Your Score History
You have not taken this quiz